000 00607nam a2200241 i 4500
001 C2-0089567
003 PPAK
005 20180727091718.0
008 970507s1987 nyu |||| ||||| | eng d
020 _a0060156872
040 _aPPAK
_beng
_cPPAK
_erda
082 0 4 _a823
_223
090 0 0 _a823
_bOST
_dG
100 1 _aOster, Jerry,
_eauthor
245 1 0 _aSaint Mike
264 1 _aNew York :
_bHarper Collins ,
_c1987
300 _a249 pages ;
_c21 cm
336 _2rdacontent
_atext
337 _2rdamedia
_aunmediated
338 _2rdacarrier
_avolume
650 1 0 _aEnglish fiction
942 _ddc
_cB
999 _c18526
_d18526